La miríada de los sonámbulos
Guardat en:
| Autor principal: | |
|---|---|
| Format: | Llibre |
| Idioma: | espanyol |
| Publicat: |
Miami
Universal
1994
|
| Col·lecció: | Colección Hispánica. Narrativa, 4
|
| Matèries: | |
| Etiquetes: |
Afegir etiqueta
Sense etiquetes, Sigues el primer a etiquetar aquest registre!
|
MARC
| LEADER | 00000nam a2200000 a 4500 | ||
|---|---|---|---|
| 001 | UCU0298 | ||
| 003 | CL-VaPUC | ||
| 008 | 960322e19940000US |||||||||||||||||spa|d | ||
| 082 | 0 | 4 | |a 863 |b FAG |2 21 |
| 100 | 0 | |a Fagundo, Ana María |e author |9 355349 | |
| 245 | 1 | 3 | |a La miríada de los sonámbulos |
| 300 | |a 95 p | ||
| 942 | |c BK | ||
| 945 | |d 19960322 00:00:00 |a rleighto | ||
| 260 | |a Miami |b Universal |c 1994 | ||
| 650 | 0 | |a Cuentos españoles |9 267960 | |
| 583 | |a last modification |c 19960322 00:00:00 |k Rodrigo Vera | ||
| 490 | 0 | |a Colección Hispánica. Narrativa, 4 | |
| 999 | |c 245170 |d 245168 | ||
| 952 | |0 0 |1 0 |4 0 |6 863_000000000000000_FAG_1994 |7 0 |8 A |9 259605 |a BIBEDU |b BIBEDU |c ES_NOD |d 2019-11-19 |i 3183610 |o 863 FAG 1994 |p 3183610 |r 2023-08-09 |w 2019-11-19 |y BK |k LIT | ||